| 000 -LEADER |
| fixed length control field |
00584nam a22002057a 4500 |
| 008 - FIXED-LENGTH DATA ELEMENTS--GENERAL INFORMATION |
| fixed length control field |
150520b xxu||||| |||| 00| 0 eng d |
| 020 ## - INTERNATIONAL STANDARD BOOK NUMBER |
| International Standard Book Number |
0471151831 (hardcover : acidfree paper) |
| 041 0# - LANGUAGE CODE |
| Language code of text/sound track or separate title |
eng |
| 080 ## - UNIVERSAL DECIMAL CLASSIFICATION NUMBER |
| Universal Decimal Classification number |
530.1 |
| 100 ## - Rafti |
| Rafti |
Cutnell, John D. |
| 245 00 - TITLE STATEMENT |
| Title |
Physics / |
| Statement of responsibility, etc |
John D. Cutnell, Kenneth W. Johnson. |
| 246 ## - VARYING FORM OF TITLE |
| Title proper/short title |
Cutnell & Johnson physics |
| 250 ## - |
| -- |
Botimi i gjashtë |
| 260 ## - |
| -- |
Hoboken, NJ : |
| -- |
J. Wiley, |
| -- |
c2004 |
| 300 ## - |
| -- |
332 f |
| -- |
me il |
| -- |
29 cm. |
| 505 ## - |
| -- |
Index:f. A21-A31 |
| 650 ## - |
| -- |
Fizika |
| 700 ## - |
| -- |
Johnson, Kenneth W., |
| -- |
1938- |
| 942 ## - ADDED ENTRY ELEMENTS (KOHA) |
| Source of classification or shelving scheme |
|
| Item type |
Books |